000 00549nam a2200217Ia 4500
005 20260429112203.0
008 260429s9999||||xx |||||||||||||| ||und||
020 _a9789355273499
041 _aEnglish
082 _a891.209
_bMON
100 _aMontegomary
245 0 _aBibliography of the Sanskrit drama /
_cMontegomary
250 _a1st ed.
260 _aChennai :
_bMaven Books,
_c2023.
300 _a105 p.; pbk
650 _a Bibliography
650 _a Drama
650 _aSanskrit literature
700 _a Schuyler
942 _cTB
999 _c52792
_d52792